banner-ar

تاريخ بخارى منذ اقدم العصور وحتى العصر الحاضر / (Record no. 35600)

MARC details
000 -الفاتح
حقل البيانات ثابتة الطول 00901nam a2200217Ia 4500
005 - وقت وتاريخ اخر تعامل مع التسجيلة
رقم الضبط 20240530102940.0
008 - عناصر البيانات ثابتة الطول - معلومات عامة
حقل البيانات ثابتة الطول 140319s9999 xx 000 0 ara d
040 ## - مصدر الفهرسة
وكالة الفهرسة الأصلية GCL /
وكالة النسخ GCL
082 04 - رقم تصنيف ديوى العشرى
رقم التصنيف 947.01
رقم المادة ف ت
100 1# - المدخل الرئيسى - إسم شخصى
الإسم الشخصى فامبرى، أرمينيوس
245 10 - بيان العنوان
العنوان تاريخ بخارى منذ اقدم العصور وحتى العصر الحاضر /
بيان المسئوليه,etc تاليف فامبرى، أرمينيوس ؛ ترجمه وعلق عليه احمد محمود الساداتى ؛ راجعه وقدم له يحيى الخشاب
260 ## - PUBLICATION, DISTRIBUTION, ETC. (IMPRINT)
تاريخ النشر أو التوزيع 1987
300 ## - الوصف المادى
التعداد 555 ص ؛
أبعاد الوعاء 24 سم
650 04 - المدخل الاضافى بالموضوع-مصطلح موضوعى
مصطلح موضوعي التاريخ الاسلامى
650 04 - المدخل الاضافى بالموضوع-مصطلح موضوعى
مصطلح موضوعي الحضارة الاسلامية
650 04 - المدخل الاضافى بالموضوع-مصطلح موضوعى
مصطلح موضوعي بخارى
700 1# - المدخل الاضافى - اسم شخصى
الإسم الشخصى احمد محمود الساداتى
الدور مترجم
700 1# - المدخل الاضافى - اسم شخصى
الإسم الشخصى يحيى الخشاب
الدور مراجع
942 ## - عناصر المدخل الإضافي( كوها)
مصدر التصنيف او مخطط الترفيف Dewey Decimal Classification
Koha [default] item type كتاب
260 ## - PUBLICATION, DISTRIBUTION, ETC. (IMPRINT)
-- القاهرة :
-- مكتبة نهضة الشرق ،
Holdings
حالة التراجع حالة الفقد حالة تلف ليس للاعارة المكان المؤقت الموقع الحالى تاريخ الاكتساب اجمالي اﻻعارات رقم الطلب الباركود تاريخ اخر مشاهدة تاريخ تفعيل السعر نوع وعاء كوها
        مكتبة القاهرة الكبرى مكتبة القاهرة الكبرى 03/26/2014   947.01\ف ت 86737 03/26/2014 03/26/2014 كتاب
        مكتبة القاهرة الكبرى مكتبة القاهرة الكبرى 03/26/2014   947.01\ف ت 86738 03/26/2014 03/26/2014 كتاب
        مكتبة القاهرة الكبرى مكتبة القاهرة الكبرى 03/26/2014   947.01\ف ت 86739 03/26/2014 03/26/2014 كتاب
        مكتبة القاهرة الكبرى مكتبة القاهرة الكبرى 03/26/2014   947.01\ف ت 86740 03/26/2014 03/26/2014 كتاب
        مكتبة القاهرة الكبرى مكتبة القاهرة الكبرى 03/26/2014   947.01\ف ت 86741 03/26/2014 03/26/2014 كتاب

Powered By

EGPV